000 00392nam a2200157Ia 4500
008 160316s1996 xxu||||| |||| 00| 0 eng d
082 _a334.340000
_bBOW
100 _aBower George Spencer
245 _aThe doctorine of Res Judicata
250 _a3rd
260 _aLondon
_bButterworths
_c1996
300 _a285p
_b
_cxxix
365 _b Rs.1,250
650 _a
700 _aTurner
_aHandley
999 _c23602
_d23602